000 00424nam a22001577a 4500
003 OSt
005 20260428083059.0
008 260428b |||||||| |||| 00| 0 eng d
020 _a978-1-85617-530-2
040 _aDWC-Main lib
_cOC
082 _aCirc. 620.110287
100 _aWilson, Jon
245 _aTest and Measurement/
_cJon Wilson
260 _aOxford
_bElsevier Inc.
_cc2009.
942 _2ddc
_cBK-CIRC
_kCirc.
_n0
999 _c10037
_d10037